Japan and Asia's contested order : the interplay of security, economics, and identity /

Bibliographic Details
Other Authors: Sohn, Yul (Editor), Pempel, T. J., 1942- (Editor)
Format: Book
Language:English
Published: New York : Palgrave Macmillan, [2019]
Series:Asia today.
Subjects:

MARC

Tag First Indicator Second Indicator Subfields
LEADER 00000cam a2200000Ii 4500
001 in00004036708
005 20190122121322.0
008 180328t20192019nyua b 001 0 eng d
010 |a  2018949327 
020 |a 9811302553  |q (hardback) 
020 |a 9789811302558  |q (hardback) 
035 |a (OCoLC)on1029781278 
040 |a YDX  |e rda  |c YDX  |d COO  |d CDX  |d UtOrBLW 
043 |a a-ja---  |a a------ 
049 |a TXAM 
050 4 |a DS849.A78  |b J37 2019 
082 0 |a 327.5/205  |2 23 
245 0 0 |a Japan and Asia's contested order :  |b the interplay of security, economics, and identity /  |c Yul Sohn, T.J. Pempel, editors. 
264 1 |a New York :  |b Palgrave Macmillan,  |c [2019] 
264 4 |c ©2019 
300 |a xi, 335 pages :  |b illustrations ;  |c 22 cm. 
336 |a text  |b txt  |2 rdacontent 
337 |a unmediated  |b n  |2 rdamedia 
338 |a volume  |b nc  |2 rdacarrier 
490 1 |a Asia today 
504 |a Includes bibliographical references and index. 
650 0 |a Regional planning  |z Japan.  |0 http://id.loc.gov/authorities/subjects/sh2008110628 
651 0 |a Japan  |x Foreign relations  |z Asia. 
651 0 |a Japan  |x Politics and government.  |0 http://id.loc.gov/authorities/subjects/sh85069539 
700 1 |a Sohn, Yul,  |e editor.  |0 http://id.loc.gov/authorities/names/n2004092492 
700 1 |a Pempel, T. J.,  |d 1942-  |e editor.  |0 http://id.loc.gov/authorities/names/n81090680 
830 0 |a Asia today.  |0 http://id.loc.gov/authorities/names/no2013086868 
945 |b 763850 
947 |a A14850596108 
948 |a cataloged  |b h  |c 2018/11/8  |d c  |e dmitchel  |f 8:44:16 am 
994 |a 92  |b TXA 
999 f f |s 551041a3-3250-3afc-93df-46ca477b2124  |i cff46571-7c07-3188-b147-82bc33cc1a6e  |t 0 
952 f f |p normal  |a Texas A&M University  |b College Station  |c Sterling C. Evans Library  |d Evans: Library Stacks  |t 0  |e DS849.A78 J37 2019  |h Library of Congress classification  |i unmediated -- volume  |m A14850596108 
998 f f |a DS849.A78 J37 2019  |t 0  |l Evans: Library Stacks